[Event "POR-chT"]
[Site "Torres Vedras"]
[Date "2011.07.31"]
[Round "9.6"]
[White "Martins, Hugo Fidalgo"]
[Black "Damaso, Rui"]
[Result "1/2-1/2"]
[WhiteElo "2179"]
[BlackElo "2371"]
[PlyCount "20"]
[EventDate "2011.07.23"]
[EventType "team-swiss"]
[EventRounds "9"]
[EventCountry "POR"]
[SourceTitle "CBM 143 Extra"]
[Source "ChessBase"]
[SourceDate "2011.08.29"]
[SourceVersion "1"]
[SourceVersionDate "2011.08.29"]
[SourceQuality "1"]
[WhiteTeam "Porto GX"]
[BlackTeam "Barreirense"]
[WhiteTeamCountry "POR"]
[BlackTeamCountry "POR"]

1. e4 c5 2. c3 Nf6 3. e5 Nd5 4. d4 cxd4 5. cxd4 d6 6. Nf3 Nc6 7. Bc4 Nb6 8. Bb3 dxe5 9. Nxe5 Nxe5 10. dxe5 Qxd1+ 1/2-1/2

[Event "POR Cup"]
[Site "Matosinhos"]
[Date "2011.05.28"]
[Round "1.2"]
[White "Carneiro, Carlos Alberto Carv"]
[Black "Martins, Hugo Fidalgo"]
[Result "1-0"]
[WhiteElo "2281"]
[BlackElo "2180"]
[PlyCount "97"]
[EventDate "2011.05.28"]
[EventType "team-k.o."]
[EventRounds "2"]
[EventCountry "POR"]
[SourceTitle "CBM 142 Extra"]
[Source "ChessBase"]
[SourceDate "2011.06.27"]
[SourceVersion "1"]
[SourceVersionDate "2011.06.27"]
[SourceQuality "1"]
[WhiteTeam "Porto Moto"]
[BlackTeam "Porto GX"]
[WhiteTeamCountry "POR"]
[BlackTeamCountry "POR"]

1. d4 c5 2. d5 e5 3. e4 d6 4. Nc3 Ne7 5. g3 a6 6. a4 Nd7 7. Bg2 g6 8. h4 h5 9. Nh3 Bg7 10. Ng5 Nf6 11. Bd2 b6 12. Qe2 Ra7 13. Nd1 Bg4 14. f3 Bd7 15. Ne3 Neg8 16. Nc4 Qb8 17. 0-0 Nh6 18. b4 0-0 19. bxc5 dxc5 20. Be3 Rc8 21. Rfb1 Rb7 22. Qd2 Ne8 23. a5 bxa5 24. Rxb7 Qxb7 25. Nxa5 Qb2 26. Qc1 Qxc1+ 27. Rxc1 c4 28. Rb1 Bb5 29. Bh3 Ra8 30. Nb7 Bf8 31. c3 Nd6 32. Na5 f6 33. Ne6 Nhf7 34. Kf2 Be7 35. Ke2 Ne8 36. Kd2 Nd8 37. Nc5 Kf7 38. Nd7 Nd6 39. Nb6 Rb8 40. Bf1 f5 41. Nd7 Bxd7 42. Rxb8 fxe4 43. Nxc4 Nxc4+ 44. Bxc4 Ke8 45. fxe4 Bg4 46. Bxa6 Kd7 47. Bb6 Nf7 48. Bb5+ Kd6 49. c4 1-0

[Event "POR-ch prel"]
[Site "Lisbon"]
[Date "2007.08.19"]
[Round "9"]
[White "Martins, Hugo Fidalgo"]
[Black "Pintor, Ariana Maciel Abran"]
[Result "0-1"]
[WhiteElo "2156"]
[BlackElo "2084"]
[PlyCount "150"]
[EventDate "2007.08.11"]
[EventType "swiss"]
[EventRounds "9"]
[EventCountry "POR"]
[SourceTitle "EXT 2022"]
[Source "ChessBase"]
[SourceDate "2021.10.06"]
[SourceVersion "1"]
[SourceVersionDate "2021.10.06"]
[SourceQuality "1"]

1. g3 Nf6 2. Bg2 g6 3. e4 d6 4. d4 Bg7 5. Bg5 c5 6. Ne2 Nc6 7. Nbc3 cxd4 8. Nxd4 Nxd4 9. Qxd4 h6 10. Be3 0-0 11. Qd1 Ng4 12. Bc1 Ne5 13. 0-0 Bg4 14. f3 Bd7 15. Qe2 Rc8 16. Nd5 Nc4 17. c3 e6 18. Ne3 Bb5 19. Rd1 Nxe3 20. Qxe3 b6 21. Qf2 Qc7 22. Bf4 Rfd8 23. Qd2 Ba4 24. Re1 g5 25. Be3 d5 26. exd5 Rxd5 27. Qf2 Qd8 28. Rac1 Bb5 29. f4 Rd7 30. Bf3 Bc6 31. f5 exf5 32. Bxc6 Rxc6 33. Qxf5 Rd5 34. Qf3 Rf6 35. Qg4 Re6 36. Bf2 Red6 37. Qa4 Rd7 38. Rc2 Re7 39. Rce2 Rxe2 40. Rxe2 Rd1+ 41. Be1 Qd3 42. Qe8+ Bf8 43. a3 Kg7 44. Qe5+ f6 45. Qe4 Qxe4 46. Rxe4 Rb1 47. Re2 Bc5+ 48. Kg2 f5 49. b4 Bd6 50. Bf2 Kf7 51. Bd4 Ra1 52. Rf2 Ke6 53. Re2+ Kf7 54. Rf2 Ke6 55. Re2+ Kd7 56. c4 Rxa3 57. c5 Bf8 58. Re5 Rd3 59. Bf2 bxc5 60. bxc5 Bg7 61. Rxf5 Kc6 62. Rf7 Rd7 63. Rf3 a5 64. Ra3 Rd2 65. Kf3 Kb5 66. Be1 Rxh2 67. Rxa5+ Kc6 68. Bf2 g4+ 69. Ke3 h5 70. Ra7 Bd4+ 71. Kxd4 Rxf2 72. Ra6+ Kc7 73. Rh6 Rf5 74. Kc4 Rf3 75. Rxh5 Rxg3 0-1

[Event "POR-ch prel"]
[Site "Lisbon"]
[Date "2007.08.14"]
[Round "4"]
[White "Sousa, Ricardo Miguel Mora"]
[Black "Martins, Hugo Fidalgo"]
[Result "1/2-1/2"]
[WhiteElo "2091"]
[BlackElo "2156"]
[PlyCount "55"]
[EventDate "2007.08.11"]
[EventType "swiss"]
[EventRounds "9"]
[EventCountry "POR"]
[SourceTitle "EXT 2022"]
[Source "ChessBase"]
[SourceDate "2021.10.06"]
[SourceVersion "1"]
[SourceVersionDate "2021.10.06"]
[SourceQuality "1"]

1. Nf3 d5 2. g3 Nc6 3. Bg2 e5 4. d3 Be6 5. c3 f6 6. Nbd2 Qd7 7. a3 Nge7 8. b4 Ng6 9. Bb2 Be7 10. Qc2 f5 11. c4 Bf6 12. 0-0 0-0 13. cxd5 Bxd5 14. Rfd1 Rae8 15. e4 Be6 16. Rac1 a6 17. Nb3 fxe4 18. dxe4 Qf7 19. Nc5 Nd8 20. Nxe6 Nxe6 21. Rd3 Rd8 22. Rcd1 Rxd3 23. Rxd3 Ng5 24. Nxg5 Bxg5 25. Rf3 Bf6 26. Rd3 Bg5 27. Rf3 Bf6 28. Rd3 1/2-1/2

[Event "POR-ch prel"]
[Site "Lisbon"]
[Date "2007.08.13"]
[Round "3"]
[White "Martins, Hugo Fidalgo"]
[Black "Morais, Vitor Mestre"]
[Result "1/2-1/2"]
[WhiteElo "2156"]
[BlackElo "2101"]
[PlyCount "75"]
[EventDate "2007.08.11"]
[EventType "swiss"]
[EventRounds "9"]
[EventCountry "POR"]
[SourceTitle "EXT 2022"]
[Source "ChessBase"]
[SourceDate "2021.10.06"]
[SourceVersion "1"]
[SourceVersionDate "2021.10.06"]
[SourceQuality "1"]

1. e4 c5 2. Nf3 Nc6 3. d4 cxd4 4. Nxd4 e5 5. Nb5 a6 6. Nd6+ Bxd6 7. Qxd6 Qf6 8. Qa3 Qg6 9. Nc3 Nd4 10. Kd1 Ne7 11. Be3 d6 12. Bxd4 exd4 13. Nb5 0-0 14. Nxd6 Nc6 15. Qg3 Qh5+ 16. Be2 Qc5 17. Bd3 Be6 18. Re1 Rab8 19. Nf5 g6 20. Qg5 Bxf5 21. exf5 Rfe8 22. Qh6 Rxe1+ 23. Kxe1 Re8+ 24. Kf1 Qe5 25. Kg1 Nb4 26. fxg6 hxg6 27. Qd2 Nxd3 28. Qxd3 Qe2 29. g3 Qxd3 30. cxd3 Re2 31. Rb1 Kg7 32. Kf1 Rc2 33. a4 Rd2 34. Rc1 Rxd3 35. Rc4 Rb3 36. Rxd4 Rxb2 37. Kg2 b5 38. axb5 1/2-1/2

[Event "POR-ch"]
[Site "Vila Real"]
[Date "2005.08.11"]
[Round "9"]
[White "Frois, Antonio"]
[Black "Martins, Hugo Fidalgo"]
[Result "1-0"]
[WhiteElo "2375"]
[BlackElo "2157"]
[PlyCount "85"]
[EventDate "2005.08.03"]
[EventType "tourn"]
[EventRounds "9"]
[EventCountry "POR"]
[EventCategory "5"]
[SourceTitle "CBM 107 Extra"]
[Source "ChessBase"]
[SourceDate "2005.09.01"]
[SourceVersion "1"]
[SourceVersionDate "2005.09.01"]
[SourceQuality "1"]

1. e4 c5 2. Nf3 e6 3. d3 Nc6 4. Qe2 d5 5. g3 Nf6 6. Bg2 b6 7. 0-0 Bb7 8. Re1 Be7 9. a3 Qc7 10. Bf4 Qc8 11. h4 dxe4 12. dxe4 Nd8 13. Nc3 Nd7 14. Rad1 f6 15. Nb5 Ba6 16. Nc7+ Qxc7 17. Qxa6 e5 18. Bc1 Nf7 19. h5 h6 20. Nh4 0-0 21. Qc4 Rad8 22. Bh3 Nb8 23. Be6 Bd6 24. Nf5 Nc6 25. Bxh6 gxh6 26. Nxh6+ Kg7 27. Nf5+ Kh8 28. Bxf7 Qxf7 29. Qxf7 Rxf7 30. Rxd6 Rxd6 31. Nxd6 Rd7 32. Nf5 Rd2 33. c3 a5 34. Kf1 Rxb2 35. Rd1 Rb3 36. Rd6 Na7 37. Rd8+ Kh7 38. Rd7+ Kh8 39. Rxa7 Rxc3 40. h6 c4 41. Nh4 Rd3 42. Ng6+ Kg8 43. Rg7# 1-0

[Event "POR-ch"]
[Site "Vila Real"]
[Date "2005.08.08"]
[Round "6"]
[White "Martins, Hugo Fidalgo"]
[Black "Diogo, Vasco Andre Marcalo"]
[Result "1/2-1/2"]
[WhiteElo "2157"]
[BlackElo "2155"]
[PlyCount "37"]
[EventDate "2005.08.03"]
[EventType "tourn"]
[EventRounds "9"]
[EventCountry "POR"]
[EventCategory "5"]
[SourceTitle "CBM 107 Extra"]
[Source "ChessBase"]
[SourceDate "2005.09.01"]
[SourceVersion "1"]
[SourceVersionDate "2005.09.01"]
[SourceQuality "1"]

1. e4 c5 2. Nf3 d6 3. d4 cxd4 4. Nxd4 Nf6 5. Nc3 Nc6 6. f3 e6 7. Be3 Be7 8. Qd2 a6 9. g4 Nxd4 10. Bxd4 e5 11. Be3 Be6 12. 0-0-0 Qa5 13. Kb1 Rc8 14. g5 Nh5 15. Nd5 Qxd2 16. Rxd2 Bxd5 17. exd5 b5 18. Bh3 Rc4 19. Bg4 1/2-1/2

[Event "POR-ch"]
[Site "Vila Real"]
[Date "2005.08.07"]
[Round "5"]
[White "Damaso, Rui"]
[Black "Martins, Hugo Fidalgo"]
[Result "1-0"]
[WhiteElo "2432"]
[BlackElo "2157"]
[PlyCount "53"]
[EventDate "2005.08.03"]
[EventType "tourn"]
[EventRounds "9"]
[EventCountry "POR"]
[EventCategory "5"]
[SourceTitle "CBM 107 Extra"]
[Source "ChessBase"]
[SourceDate "2005.09.01"]
[SourceVersion "1"]
[SourceVersionDate "2005.09.01"]
[SourceQuality "1"]

1. d4 f5 2. g3 Nf6 3. Bg2 g6 4. Nf3 Bg7 5. c4 d6 6. 0-0 0-0 7. Nc3 Nc6 8. d5 Ne5 9. Nxe5 dxe5 10. Qb3 a6 11. c5 Kh8 12. Bd2 Qe8 13. Rad1 h6 14. e4 f4 15. gxf4 exf4 16. Bxf4 Nxe4 17. Bxc7 Nxc5 18. Qa3 Nd7 19. Rde1 Rf7 20. Bd6 Bf8 21. Nb5 Nf6 22. Nc7 Qd8 23. Be5 Ra7 24. Qe3 b6 25. Ne6 Bxe6 26. dxe6 Rh7 27. Rd1 1-0

[Event "POR-ch"]
[Site "Vila Real"]
[Date "2005.08.03"]
[Round "1"]
[White "Martins, Hugo Fidalgo"]
[Black "Galego, Luis"]
[Result "0-1"]
[WhiteElo "2157"]
[BlackElo "2501"]
[PlyCount "120"]
[EventDate "2005.08.03"]
[EventType "tourn"]
[EventRounds "9"]
[EventCountry "POR"]
[EventCategory "5"]
[SourceTitle "CBM 107 Extra"]
[Source "ChessBase"]
[SourceDate "2005.09.01"]
[SourceVersion "1"]
[SourceVersionDate "2005.09.01"]
[SourceQuality "1"]

1. e4 c5 2. Nf3 e6 3. d4 cxd4 4. Nxd4 a6 5. Nc3 Qc7 6. Be3 Nf6 7. f3 Bb4 8. Qd2 d5 9. exd5 Nxd5 10. Nde2 Nxe3 11. Qxe3 0-0 12. 0-0-0 Bd7 13. Ne4 Rc8 14. c3 Be7 15. f4 Nc6 16. N2g3 Be8 17. Kb1 Nb4 18. f5 Nd5 19. Qf3 Qb6 20. fxe6 fxe6 21. Bd3 Bg6 22. Ka1 Rf8 23. Qe2 Nf4 24. Qc2 Nxd3 25. Qxd3 Rf2 26. Rd2 Rxd2 27. Qxd2 Rd8 28. Qe2 Rd5 29. Rd1 Rxd1+ 30. Qxd1 Qe3 31. Nd2 Qf2 32. Qe2 Qg1+ 33. Ngf1 Qb6 34. Nc4 Qc5 35. Ne5 Be8 36. a3 Qd5 37. Nd2 Bd6 38. Nef3 Bh5 39. h3 Bf4 40. Qc4 Qxc4 41. Nxc4 Bg6 42. Ka2 Be4 43. Kb3 b5 44. Na5 Bc7 45. Kb4 Bd6+ 46. Kb3 e5 47. c4 Ba8 48. cxb5 axb5 49. Ne1 Bc5 50. Kc2 Kf7 51. Kd2 Ke6 52. Nb3 Bb7 53. Nf3 Kd5 54. Nc1 e4 55. Ne1 Ke5 56. Ke2 Bd4 57. b3 Bb2 58. Kd2 Bxa3 59. Ne2 Bb4+ 60. Kd1 Bd5 0-1

[Event "Gaia Profigaia op"]
[Site "Vila Nova de Gaia"]
[Date "2004.07.11"]
[Round "9"]
[White "Galego, Luis"]
[Black "Martins, Hugo Fidalgo"]
[Result "1-0"]
[WhiteElo "2489"]
[BlackElo "2100"]
[PlyCount "79"]
[EventDate "2004.07.03"]
[EventType "swiss"]
[EventRounds "9"]
[EventCountry "POR"]
[SourceTitle "CBM 101 Extra"]
[Source "ChessBase"]
[SourceDate "2004.09.01"]
[SourceVersion "2"]
[SourceVersionDate "2004.09.01"]
[SourceQuality "1"]

1. e4 e6 2. d4 d5 3. exd5 exd5 4. Nf3 Nf6 5. h3 Bf5 6. c4 c6 7. Nc3 Bd6 8. Be2 0-0 9. 0-0 dxc4 10. Bxc4 Nbd7 11. Re1 Qc7 12. Nh4 Bg6 13. Nxg6 hxg6 14. Qd3 Nb6 15. Bb3 Nbd5 16. Bg5 Qa5 17. Bd2 Qb6 18. Rad1 Rad8 19. Bg5 Rd7 20. g3 Nh7 21. Bc1 Nxc3 22. bxc3 Rfd8 23. Qxg6 Qxb3 24. Qxh7+ Kxh7 25. axb3 Be7 26. Be3 Bf6 27. Ra1 a6 28. b4 Kg6 29. Kf1 Rh8 30. h4 Rd5 31. Ke2 Bd8 32. Kd3 Bc7 33. Bd2 Rd7 34. Re2 f5 35. Bg5 Rf8 36. Rae1 f4 37. g4 Bd8 38. Re6+ Kf7 39. Bxd8 Rfxd8 40. R6e4 1-0

[Event "Gaia Profigaia op"]
[Site "Vila Nova de Gaia"]
[Date "2004.07.07"]
[Round "5"]
[White "Martins, Hugo Fidalgo"]
[Black "Padeiro, Jose Joao Tato"]
[Result "0-1"]
[WhiteElo "2100"]
[BlackElo "2208"]
[PlyCount "60"]
[EventDate "2004.07.03"]
[EventType "swiss"]
[EventRounds "9"]
[EventCountry "POR"]
[SourceTitle "CBM 101 Extra"]
[Source "ChessBase"]
[SourceDate "2004.09.01"]
[SourceVersion "2"]
[SourceVersionDate "2004.09.01"]
[SourceQuality "1"]

1. e4 c6 2. d4 d5 3. exd5 cxd5 4. c4 Nf6 5. Nc3 e6 6. Nf3 Bb4 7. Bd3 dxc4 8. Bxc4 0-0 9. 0-0 b6 10. a3 Bxc3 11. bxc3 Qc7 12. Qe2 Bb7 13. Ne5 Bd5 14. Bb2 Bxc4 15. Nxc4 Nbd7 16. a4 Rac8 17. Na3 Qb8 18. c4 Rfe8 19. Rfe1 a6 20. Rac1 Qf4 21. Rc3 Qxd4 22. Rd1 Qf4 23. Rf3 Qg4 24. Qe3 e5 25. Rd6 Re6 26. h3 Rxd6 27. hxg4 Rd1+ 28. Kh2 Nxg4+ 29. Kg3 Nxe3 30. Rxe3 f6 0-1

[Event "GXP Serie-B 2nd"]
[Site "Portugal"]
[Date "2004.??.??"]
[Round "5"]
[White "Martins, Hugo Fidalgo"]
[Black "Fernandes, Sandro Moura"]
[Result "1-0"]
[WhiteElo "2105"]
[BlackElo "1800"]
[PlyCount "103"]
[EventDate "2004.??.??"]
[EventType "tourn"]
[EventRounds "9"]
[EventCountry "POR"]
[SourceTitle "EXT 2007"]
[Source "ChessBase"]
[SourceDate "2006.11.23"]
[SourceVersion "1"]
[SourceVersionDate "2006.11.23"]
[SourceQuality "1"]

1. e4 d5 2. exd5 Nf6 3. c4 c6 4. d4 cxd5 5. Nc3 e6 6. Nf3 Nc6 7. cxd5 Nxd5 8. Bc4 Be7 9. 0-0 0-0 10. Qd3 Bf6 11. Ne4 Ncb4 12. Qe2 h6 13. Bb3 b6 14. Rd1 Ba6 15. Qd2 Rc8 16. Ne5 Be7 17. a3 Nc6 18. Ba4 Bb7 19. Qd3 Nf6 20. Bc2 Nxe4 21. Qxe4 f5 22. Nxc6 fxe4 23. Nxd8 Rfxd8 24. Bb1 Bf6 25. Be3 Rd6 26. Kf1 Rcd8 27. Ba2 Bxd4 28. Rxd4 Rxd4 29. Bxd4 Rxd4 30. Bxe6+ Kf8 31. Ke2 Ke7 32. Bh3 Rc4 33. Rd1 Bc8 34. Bxc8 Rxc8 35. Rd2 Ke6 36. Ke3 Rc4 37. h3 Ke5 38. Rd7 Rc2 39. Re7+ Kf6 40. Rxa7 Rxb2 41. Rb7 Rb3+ 42. Kxe4 Rxa3 43. Rxb6+ Kf7 44. h4 Ra4+ 45. Kf5 Rxh4 46. Rb7+ Kf8 47. g3 Rh5+ 48. Kg6 Rg5+ 49. Kh7 Rf5 50. f4 Rf7 51. Rb8+ Ke7 52. Kg6 1-0

[Event "GXP Serie-B 2nd"]
[Site "Portugal"]
[Date "2004.??.??"]
[Round "4"]
[White "Prezado, Jose Carlos"]
[Black "Martins, Hugo Fidalgo"]
[Result "1-0"]
[WhiteElo "1800"]
[BlackElo "2105"]
[PlyCount "99"]
[EventDate "2004.??.??"]
[EventType "tourn"]
[EventRounds "9"]
[EventCountry "POR"]
[SourceTitle "EXT 2007"]
[Source "ChessBase"]
[SourceDate "2006.11.23"]
[SourceVersion "1"]
[SourceVersionDate "2006.11.23"]
[SourceQuality "1"]

1. e4 c5 2. Nf3 Nc6 3. d4 cxd4 4. Nxd4 Nf6 5. Nc3 e6 6. Nxc6 bxc6 7. e5 Nd5 8. Nxd5 cxd5 9. Bd3 Ba6 10. 0-0 Bxd3 11. Qxd3 g6 12. Bf4 Bg7 13. Qa3 Qe7 14. Qxe7+ Kxe7 15. Bg5+ Ke8 16. f4 d6 17. Rae1 Kd7 18. g4 Rab8 19. b3 Rhc8 20. Re2 Rb4 21. h3 Rc3 22. Kg2 Re4 23. Rff2 Rxe2 24. Rxe2 dxe5 25. fxe5 Kc6 26. Be7 a5 27. Ba3 a4 28. Bb2 Rc5 29. Rf2 Kb5 30. Bd4 Rc7 31. c3 Bh6 32. Rc2 Rb7 33. Kf3 axb3 34. axb3 Kc6 35. Rb2 Rb8 36. Kg3 Kd7 37. b4 Kc6 38. Ra2 Rb7 39. Ra5 Bg5 40. h4 Bd8 41. Ra6+ Kb5 42. Ra8 Rd7 43. g5 Kc4 44. Kf3 Be7 45. Ke3 Rd8 46. Ra7 Re8 47. Rc7+ Kb5 48. Kd3 Ka6 49. c4 Bxb4 50. Ra7# 1-0

[Event "GXP Serie-B 2nd"]
[Site "Portugal"]
[Date "2004.??.??"]
[Round "6"]
[White "Silva, Antonio Augusto MC"]
[Black "Martins, Hugo Fidalgo"]
[Result "1/2-1/2"]
[WhiteElo "2190"]
[BlackElo "2105"]
[PlyCount "42"]
[EventDate "2004.??.??"]
[EventType "tourn"]
[EventRounds "9"]
[EventCountry "POR"]
[SourceTitle "EXT 2007"]
[Source "ChessBase"]
[SourceDate "2006.11.23"]
[SourceVersion "1"]
[SourceVersionDate "2006.11.23"]
[SourceQuality "1"]

1. d4 f5 2. Nc3 Nf6 3. Bg5 d5 4. Bxf6 exf6 5. e3 Be6 6. Bd3 Qd7 7. Qf3 Nc6 8. a3 Nd8 9. Nge2 Nf7 10. h4 c6 11. Nf4 Nd6 12. Qh3 Bf7 13. Nce2 h5 14. Qg3 Ne4 15. Qh2 Bd6 16. Qg1 Bc7 17. 0-0-0 0-0-0 18. c3 Qe7 19. Bc2 g6 20. Nd3 Rhe8 21. Qf1 Kb8 1/2-1/2

[Event "Monte Estoril op"]
[Site "Monte Estoril"]
[Date "2003.12.07"]
[Round "2"]
[White "Parreira, Luis Miguel PC"]
[Black "Martins, Hugo Fidalgo"]
[Result "0-1"]
[WhiteElo "1942"]
[BlackElo "2101"]
[PlyCount "118"]
[EventDate "2003.12.06"]
[EventType "swiss"]
[EventRounds "2"]
[EventCountry "POR"]
[SourceTitle "EXT 2005"]
[Source "ChessBase"]
[SourceDate "2004.11.15"]
[SourceVersion "1"]
[SourceVersionDate "2004.11.15"]
[SourceQuality "1"]

1. e4 c5 2. c3 Nf6 3. e5 Nd5 4. d4 cxd4 5. Nf3 e6 6. cxd4 d6 7. Nc3 Nxc3 8. bxc3 Qc7 9. Bd2 Nd7 10. Bb5 a6 11. exd6 Bxd6 12. Bd3 b6 13. 0-0 Bb7 14. h3 0-0 15. Ng5 Nf6 16. f3 h6 17. Ne4 Bh2+ 18. Kh1 Nh5 19. Be1 f5 20. Nd2 Ng3+ 21. Bxg3 Bxg3 22. Qb3 Kh8 23. Rac1 Rfe8 24. Rc2 Rac8 25. a4 Qd8 26. Rb1 Bc7 27. Re1 Qd6 28. Nf1 Rcd8 29. Rce2 Bd5 30. Qc2 Qd7 31. Bxa6 Bc6 32. Bd3 Bxa4 33. Qa2 e5 34. Bxf5 Qxf5 35. Qxa4 Re7 36. Qb5 Rde8 37. Re4 Qf6 38. Qe2 Bd6 39. Qd2 exd4 40. Rxe7 Rxe7 41. Rxe7 Qxe7 42. cxd4 Kg8 43. Qe3 Qf6 44. Qb3+ Qf7 45. Qxf7+ Kxf7 46. Nd2 Ke6 47. Kg1 Kd5 48. Kf1 b5 49. Ne4 b4 50. Ke2 b3 51. Kd2 Bb4+ 52. Kc1 Kxd4 53. Kb2 Kc4 54. Ng3 Bc3+ 55. Kb1 Kd3 56. Nf5 Ke2 57. Ng3+ Kf2 58. Ne4+ Kxg2 59. Nxc3 Kxh3 0-1

[Event "Galicia-ch Absoluto"]
[Site "Mondariz"]
[Date "2003.04.13"]
[Round "2.3"]
[White "Martins, Hugo Fidalgo"]
[Black "Sanchez Aller, Fernando"]
[Result "0-1"]
[WhiteElo "2096"]
[BlackElo "2262"]
[PlyCount "156"]
[EventDate "2003.04.12"]
[EventType "swiss"]
[EventRounds "9"]
[EventCountry "ESP"]
[SourceTitle "EXT 2004"]
[Source "ChessBase"]
[SourceDate "2003.11.25"]
[SourceVersion "1"]
[SourceVersionDate "2003.11.25"]
[SourceQuality "1"]

1. e4 e5 2. Nf3 Nc6 3. Bb5 a6 4. Ba4 Nf6 5. d4 exd4 6. 0-0 Be7 7. Re1 0-0 8. e5 Nd5 9. Nxd4 Nxd4 10. Qxd4 c6 11. Bb3 Nc7 12. Rd1 Nb5 13. Qe3 d5 14. c4 Nc7 15. cxd5 cxd5 16. Qd4 Be6 17. Nc3 Qd7 18. Be3 Rad8 19. Qb6 Qc8 20. Rac1 Qb8 21. Qa5 Rd7 22. Bxd5 b6 23. Bxb6 Nxd5 24. Nxd5 Rxd5 25. Qxa6 Rxd1+ 26. Rxd1 Qxe5 27. b3 h5 28. Qd3 h4 29. h3 Rb8 30. Bd4 Qa5 31. Ra1 Rd8 32. Qe3 Rxd4 33. Qxd4 Bf6 34. Qd1 Bxb3 35. Qe1 Qa8 36. Rc1 Bxa2 37. Qb4 Be6 38. Rb1 Qd5 39. Qb8+ Kh7 40. Qb5 Qd8 41. Qh5+ Kg8 42. Qb5 Qd7 43. Qh5 Qc7 44. Qb5 Qc2 45. Re1 Bd4 46. Qb8+ Kh7 47. Qf4 Bf6 48. Qe4+ Qxe4 49. Rxe4 g5 50. Ra4 Bg7 51. Rb4 f5 52. f3 Kg6 53. Ra4 Be5 54. Kh1 Kf6 55. Rb4 Bc3 56. Rb5 Bd4 57. Ra5 Ke7 58. Ra4 Bf2 59. Ra6 Kd7 60. Kh2 Bd5 61. Kh1 Bc6 62. Ra2 Bc5 63. Rd2+ Ke6 64. Re2+ Kd6 65. Rd2+ Bd5 66. Re2 Bd4 67. Re1 Bc4 68. Rb1 Ke5 69. Re1+ Kf4 70. Rb1 Bd3 71. Rb4 Ke3 72. Ra4 Bc2 73. Ra2 Bb1 74. Ra3+ Kf2 75. Ra4 Be5 76. Rb4 Bd3 77. Rb3 Bf1 78. f4 Bxg2+ 0-1

[Event "EU-ch U14"]
[Site "Peniscola"]
[Date "2002.10.08"]
[Round "9"]
[White "Martins, Hugo Fidalgo"]
[Black "Pallardo Lozoya, Jose Vicente"]
[Result "1-0"]
[WhiteElo "2099"]
[BlackElo "2187"]
[PlyCount "159"]
[EventDate "2002.09.29"]
[EventType "swiss"]
[EventRounds "9"]
[EventCountry "ESP"]
[SourceTitle "CBM 090 Extra"]
[Source "ChessBase"]
[SourceDate "2002.11.07"]
[SourceVersion "1"]
[SourceVersionDate "2002.11.07"]
[SourceQuality "1"]

1. e4 e6 2. d4 d5 3. Nd2 Be7 4. Bd3 c5 5. dxc5 Bxc5 6. exd5 exd5 7. Ngf3 Ne7 8. 0-0 Nbc6 9. Re1 0-0 10. Nb3 Bb6 11. Be3 Nf5 12. Bxb6 Qxb6 13. c3 Rd8 14. Qd2 a5 15. Rad1 a4 16. Na1 Nd6 17. Nc2 Bg4 18. Qf4 Bxf3 19. Qxf3 g6 20. Ne3 Qxb2 21. Nxd5 Qxa2 22. Ra1 Qd2 23. Red1 Qg5 24. Nb6 Ne5 25. Qe2 Ra5 26. Rxa4 Rxa4 27. Nxa4 b5 28. Nc5 Nxd3 29. Nxd3 Re8 30. Qf3 Ne4 31. Nb4 Qe5 32. g3 Nxc3 33. Nd5 Nxd5 34. Rxd5 Qe1+ 35. Kg2 b4 36. Rb5 Qe4 37. Rb6 Re7 38. Rb5 Kg7 39. g4 h6 40. Rb6 h5 41. gxh5 gxh5 42. Rb5 Kh6 43. Rxh5+ Kg6 44. Rb5 Re6 45. Kg3 Qxf3+ 46. Kxf3 Rf6+ 47. Kg3 Kg7 48. Rxb4 Rc6 49. h4 Kh6 50. Rf4 Kg7 51. f3 Rb6 52. Rf5 Rc6 53. Kg4 Rc4+ 54. Kg5 Rc1 55. Rd5 Rg1+ 56. Kf5 Rh1 57. Rd4 Rf1 58. Rg4+ Kh6 59. f4 Ra1 60. Rg5 Rh1 61. Rg8 Kh7 62. Rg4 Kh6 63. Kf6 Kh5 64. Rg7 Rf1 65. f5 Kxh4 66. Rxf7 Kg4 67. Rg7+ Kf4 68. Rb7 Ke4 69. Rb4+ Kd5 70. Kg6 Rg1+ 71. Kf7 Rf1 72. f6 Ke5 73. Rb5+ Kd6 74. Kg7 Rg1+ 75. Kf8 Rf1 76. f7 Kd7 77. Re5 Rf2 78. Re3 Rd2 79. Rg3 Ke6 80. Ke8 1-0